000
00281nam a22001337a 4500
008
171219b xxu||||| |||| 00| 0 eng d
020
_a
9780130083692
041
_a
eng
080
_a
311
100
_a
55
101
_a
STA
245
_a
STATISTICS
_c
FRANKLIN.CH
942
_2
udc
_c
BK
999
_c
39180
_d
39180